Silikónový implantát pro neléčitelný glaukom

Bibliographic Details
Main Authors: Kraus, Hanuš, 1928-2006 (Author), Novák, V. (Author), Hoskovcová, H. (Author)
Format: Article
Language:Czech
PhysicalDescription:Obr. 4, res. angl., čes., lit. 11 zázn. v angl., nem.
ISSN:0009-059X
Subjects:

MARC

LEADER 00000nab a2200000 a 4500
001 vtls000515270
003 SK-MaSNL
005 20260303003550.0
008 220422c1994 xo 0 cze
015 |a SNBRB19rr/mm-uuuuu 
035 |a CL0515408 
040 |a SNKBUCL  |b slo  |c SNKBUCL  |e AACR2 
041 0 |a cze 
044 |a xo  |c SK 
080 |a 617.7-007.681-089  |2 1981 
100 1 |a Kraus, Hanuš,  |d 1928-2006  |4 aut  |9 122243 
245 1 0 |a Silikónový implantát pro neléčitelný glaukom  |c Hanuš Kraus, V. Novák, H. Hoskovcová 
300 |b Obr. 4, res. angl., čes., lit. 11 zázn. v angl., nem. 
650 0 7 |a glaukóm  |2 snkbucl  |9 2376 
650 0 7 |a implantáty silikónové  |2 snkbucl  |9 981579 
655 7 |a články z novín a časopisov  |2 snkbucl  |9 267496 
700 1 |a Novák, V.  |4 aut  |9 296671 
700 1 |a Hoskovcová, H.  |4 aut  |9 981580 
773 0 |t Československá oftalmologie  |g Roč. 50, č. 1 (1994), s. 24-30  |x 0009-059X 
850 |a Slovenská národná knižnica v Martine  |a MTA001 
852 |a SNK  |b KIS3GCP 
958 |a NB 
958 |a RK 
958 |a ME 
992 |a RBX 
999 |c 1573349  |d 1575279